000 00551nam a22001697a 4500
005 20231027133307.0
008 231027b |||||||| |||| 00| 0 eng d
020 _a0702119121
041 _aAfrikaans
082 _a657 FAU
100 _aFaul, MA, Blom, CP and Morgan, JA
_lAfrikaans
245 _aRekeningkunde Grondslae vir Prokureurs /
_cMA Faul, CP Blom and JA Morgan
260 _aKaapstad :
_bJuta en Kie, BPK,
_c1987
300 _bxii, 281 pages ;
_c26 cm.
650 _aLegal practice
_bLaw
942 _cBK
_6ALISON_BN_VRIES
999 _c123
_d123